Poznáte vnútornú hodnotu svojej akcie?
Modely stanovenia vnútornej hodnoty akcií. Model voľného cash flow. Metóda sa opiera o výpočet vnútornej hodnoty akcie na základe toho, že sa najskôr vypočíta celková hodnota firmy, od ktorej sa potom odpočíta hodnota cudzieho kapitálu. Stanovenie ceny na základe zisku.
Salvato in:
| Autore principale: | |
|---|---|
| Natura: | Capitolo di libro |
| Lingua: | slovacco |
| Soggetti: | |
| Tags: |
Nessun Tag, puoi essere il primo ad aggiungerne!!
|
MARC
| LEADER | 00000naa a2200000 4500 | ||
|---|---|---|---|
| 001 | r034010 | ||
| 005 | 20230919084207.1 | ||
| 041 | 0 | |a slo | |
| 044 | |a SK | ||
| 245 | 1 | 0 | |a Poznáte vnútornú hodnotu svojej akcie? |c Božena Chovancová |
| 520 | |a Modely stanovenia vnútornej hodnoty akcií. Model voľného cash flow. Metóda sa opiera o výpočet vnútornej hodnoty akcie na základe toho, že sa najskôr vypočíta celková hodnota firmy, od ktorej sa potom odpočíta hodnota cudzieho kapitálu. Stanovenie ceny na základe zisku. | ||
| 610 | 2 | 0 | |a akcie |
| 610 | 2 | 0 | |a papiere cenné |
| 610 | 2 | 0 | |a ceny |
| 610 | 2 | 0 | |a efektívnosť investícií |
| 610 | 2 | 0 | |a analýzy |
| 610 | 2 | 0 | |a modely |
| 610 | 2 | 0 | |a cash flow |
| 610 | 2 | 0 | |a zisk |
| 610 | 2 | 0 | |a výnosy |
| 100 | 1 | |a Chovancová, Božena | |